Diario de un campesino del Danubio / (Record no. 80848)

MARC details
000 -LEADER
campo de control de longitud fija 00631nam a2200205 i 4500
001 - NÚMERO DE CONTROL
campo de control 80848
003 - IDENTIFICADOR DE NÚMERO DE CONTROL
campo de control ES-MaACL
005 - FECHA Y HORA DE LA ÚLTIMA TRANSACCIÓN
campo de control 20250824205545.0
007 - CAMPO FIJO DE DESCRIPCIÓN FÍSICA--INFORMACIÓN GENERAL
campo de control de longitud fija t|
008 - DATOS DE LONGITUD FIJA--INFORMACIÓN GENERAL
campo de control de longitud fija 041029s1968 sp ||||1| spa d
100 1# - ENTRADA PRINCIPAL--NOMBRE DE PERSONA
Nombre de persona Horia, Vintila (
Fechas asociadas al nombre 1915-1992)
9 (RLIN) 64193
245 10 - MENCIÓN DEL TÍTULO
Título Diario de un campesino del Danubio /
Mención de responsabilidad, etc. Vintila Horia ; [traducción, Manuel García Viñó].
260 ## - PUBLICACIÓN, DISTRIBUCIÓN, ETC.
Lugar de publicación, distribución, etc. Barcelona :
Nombre del editor, distribuidor, etc. G.P.,
Fecha de publicación, distribución, etc. [1968]
300 ## - DESCRIPCIÓN FÍSICA
Extensión 308 p. ;
Dimensiones 18 cm.
490 1# - MENCIÓN DE SERIE
Mención de serie Libro Documento ;
Designación de volumen o secuencia 69
700 1# - ENTRADA AGREGADA--NOMBRE PERSONAL
Nombre de persona García Viñó, M.
9 (RLIN) 55416
830 00 - PUNTO DE ACCESO ADICIONAL DE SERIE-TÍTULO UNIFORME
Título uniforme Libro documento
Designación de volumen o secuencia 69
9 (RLIN) 183682
852 ## - LOCALIZACIÓN
Ubicación ES-MaACL
Número de control de estantería C-35371
Sublocalización o colección R.68412
Holdings
Estatus retirado Estado de pérdida Estado de daño No para préstamo Biblioteca de origen Biblioteca actual Ubicación en estantería Fecha de adquisición Fuente de adquisición Total de préstamos Signatura topográfica completa Código de barras Visto por última vez Precio de reemplazo Tipo de ítem Koha
        Biblioteca del Ateneo de Madrid Biblioteca del Ateneo de Madrid Depósito 2 17/01/2008     C-35371 1084524 23/02/2023 23/02/2023 Libro impreso